LIBRARY & INFORMATION CENTRE, KCAET, TAVANUR

ONLINE PUBLIC ACCESS CATALOGUE (OPAC)

Hand book of polymer composites for engineers / (Record no. 5415)

MARC details
000 -LEADER
fixed length control field 00515cam a2200193ua 4500
020 ## - INTERNATIONAL STANDARD BOOK NUMBER
ISBN 81 7224 443 6
041 ## - LANGUAGE CODE
Language code of text/sound track or separate title eng
082 ## - DEWEY DECIMAL CLASSIFICATION NUMBER
Classification number 668.9
Item number HOL/HA
100 ## - MAIN ENTRY--AUTHOR NAME
Personal name Hollayway, Leonard .
245 ## - TITLE STATEMENT
Title Hand book of polymer composites for engineers /
250 ## - EDITION STATEMENT
Edition statement 1 /
260 ## - PUBLICATION, DISTRIBUTION, ETC. (IMPRINT)
Place of publication Mumbai :
Name of publisher Jaico Publishing House ,
Year of publication 1995.
300 ## - PHYSICAL DESCRIPTION
Number of Pages 338 ; .
500 ## - GENERAL NOTE
General note 18926 Ref
942 ## - ADDED ENTRY ELEMENTS (KOHA)
Koha item type Books
Holdings
Withdrawn status Lost status Damaged status Home library Current library Date acquired Full call number Accession Number Koha item type
      KAUAET   07/04/2012 668.9 18926 Books
free website counter